00465pab a2200145 454500008004000000100002000040245008800060260000900148300001400157362001100171650004600182650002300228700002600251773004200277180718b2007 xxu||||| |||| 00| 0 eng d aMotiram, Sripad aCorporate and cooperative solutions for the Agrarian crisis in developing countries c2007 ap.360-67. aSummer aAgrarian economics - Developing countries aAgrarian economics aVakulabharanam, Vamsi aReview of Radical Political Economics